zpět

Detail výsledku týmu

Na Jatkách, Žamberk

Datum a čas kvízu

15.5 Celkem bodů Celkový počet nahraných bodů na tomto kvízu bez doplňovacích otázek.
5. Pořadí na kvízu Konečné umístění týmu na tomto kvízu.

Zaznamenané odpovědi

# Otázka Odpověď Body Výsledky
1. O konfliktu prezidenta Pavla s... D 1
2. Která velká evropská země schv... Francie 0
3. Která moderátorka oznámila, že... Lucie Výborná 0
4. Která značka představila minul... Jawa 1
5. Brankář Anatolij Trubin v posl... Benfica Lisabon 0
6. Na obrázku níže můžete vidět d... Drákula 0
7. Co by to bylo za hororové téma... C 0
8. Ze které (převážně videoherní)... Resident Evil 0
9. Přiřaďte herce a herečky k jej... 1B 2D 3A 4C 0
10. Čím je inspirován česko-americ... D 0